000 00398nam a2200133Ia 4500
008 210210b1969 xxu||||| |||| 00| 0 eng d
082 _a378.125 SHAM
100 _aSHAH (A B).
245 _aModernization of university teaching: teaching of natural & social sciences in India.
260 _aBombay.
_bNachiketa Publications.,
_c1969
300 _a196
690 _aHigher Education
906 _a027893
999 _c79161
_d79161